000 01363nam a2200337 a 4500
001 41743
003 (BD-RJUL)
005 20211209053437.0
008 160605s1950 nyu b 000 0 eng
035 _aMITb10915684
035 _a(BD-RJUL) 41861
_a(OCoLC)01190296
040 _aDLC
_cZHM
_dSER
_dOCL
_dUKM
_dUBA
_d(BD-RJUL)
_dMYG
_beng
041 _aeng
082 _a370.19
_223
_bDUN 1950
090 _aCB199
_b.D77x 1950
100 1 _aDuBois, Rachel Davis.
_9128227
245 1 0 _aNeighbors in action :
_ba manual for local leaders in intergroup relations /
_cRachel Davis DuBois
250 _a[1st ed.]
260 _aNew York :
_bHarper,
_c[1950]
300 _axiv, 294 p.
_c21 cm.
500 _a"A report of a project in intergroup relations carried on by ... [the] Parents Association [of Junior High School 165, New York] in co-operation with the Workshop for Cultural Democracy."
504 _aIncludes bibliographies. "Books and pamphlets for boys and girls" : p. 277-283.
650 0 _aMulticultural education.
_9128228
651 0 _aUnited States
_xRace relations.
_9128229
710 2 _aRobert E. Simons Junior High School (New York, N.Y.).
_bParents Association.
_9128230
711 2 _aWorkshop for Cultural Democracy (New York, N.Y.)
_9128231
942 _2ddc
_cBK
946 _at
949 _ac
_p39080021848129
999 _c41743
_d41743